| 000 | 00354 a2200109 4500 | ||
|---|---|---|---|
| 001 | ART_38082 | ||
| 005 | 20260410161738.0 | ||
| 008 | 260409a | ||
| 245 | 1 | 0 | _aAplicabilidad inmediata de una nueva ley laboral a situaciones anteriores |
| 100 | 1 | _aCapon Filas, Rodolfo E. | |
| 773 | 0 |
_tDoctrina laboral _g- NÂș 362 (oct. 2015) _wREV4049 |
|
| 999 |
_c18497 _d18497 |
||